LEADER 01521nam a2200301 u 4500 001 000000020613 003 CaOOAMICUS 005 20070226110924.0 008 950323s1918 gw u000 u ger u 035 $a10504070 040 $aBAV-R2$bita 100 1 $aMüller, H. F.$0(OLS)http://pul/name/17893 245 10$aDionysios. Proklos. Plotinos. :$bEin historischen beitrag zur neoplatonischen philosophie, /$cvon H. F. Müller .. 260 $aMünster i. W. :$bAschendorff,$c1918. 300 $a4 p. l., 110 p. ;$c24 cm 490 1 $aBeiträge zur Geschichte der Philosophie des Mittelalters ;$vBd. 20. Hft. 3-4. 600 04$aPlotinus,$d203/6-270.$0(OLS)http://pul/subject/4816 600 04$aDionysius Areopagita,$dsec. V-VI.$0(OLS)http://pul/subject/7790 600 04$aProclus Atheniensis,$d410-c. 485.$0(OLS)http://pul/subject/13579 650 4$aNeoplatonismo.$0(OLS)http://pul/subject/1935 830 0$aBeiträge zur Geschichte der Philosophie des Mittelalters ;$vBd. 20. Hft. 3-4.$0(OLS)http://pul/title/28985 850 $aPUL 852 $aPUL$W1$xDP2 Religione 2$y113$mTheol A2 20$j7161$nBK-PRI$qStampati altre collocazioni$B28953$CPULBib$Z2$F28953 $82 941 1 $a10 960 $aPseudo-Dionysius,$dsec. V-VI? $97790 960 $aDionigi Areopagita, pseudo,$dsec. V-VI$97790 996 $6245$aDionysios. Proklos. Plotinos. :$bEin historischen beitrag zur neoplatonischen philosophie,$9(OLS)http://pul/title/28984 996 $6260$aMünster i. W. :$bAschendorff$9(OLS)http://pul/publisher/48608 LEADER 01346nam a2200301 u 4500 001 000000078740 003 CaOOAMICUS 005 20070226123449.0 008 040512s2000 enka u000 u eng u 020 $a0199242615 035 $a10994756 040 $aPUL$bita 041 0 $aeng$aheb 245 00$aMiscellaneous texts from the judaean desert /$cby James Charlesworth [et al...] ; in consultation with James Vanderkam and Monica Brady. 260 $aOxford :$bClarendon,$c2000. 300 $aix, 250 p., [62] c. di tav :$bill. ;$c32 cm 490 1 $aDiscoveries in the Judaean desert ;$v38 650 4$aLetteratura ebraica.$0(OLS)http://pul/subject/8236 700 1 $aCharlesworth, James H.$0(OLS)http://pul/name/69 700 1 $aBrady, Monica.$0(OLS)http://pul/name/50467 700 1 $aVanderkam, James C.$0(OLS)http://pul/name/3101 830 0$aDiscoveries in the Judaean desert ;$v38.$0(OLS)http://pul/title/3069 850 $aPUL 852 $aPUL$W1$xSL Cons. Gen., Altre Classi 1$y1$m1393 F 38$j100923$nBK-PRI$b $qStampati$B100923$CPULBib$Z2$F100923 $HPUL94301 $81 941 1 $a8 996 $6020$a0199242615$9(OLS)http://pul/number/103266 996 $6245$aMiscellaneous texts from the judaean desert$9(OLS)http://pul/title/103102 996 $6260$aOxford :$bClarendon$9(OLS)http://pul/publisher/52259